000 00282nam a22001217a 4500
040 _cSY
082 _a631
100 _aNA
245 _aTractor opreration, ការប្រើប្រាស់ត្រាក់ទ័រ
260 _aRUA
_bNA
_cNA
300 _a11p.
942 _cKB
999 _c9616
_d9616